Spravodajca Ministerstva lesného a vodného hospodárstva Slovenskej socialistickej republiky

Podrobná bibliografia
Ďalší autori: Vesteg, Ondrej (Šéfredaktor, zodpovedný redaktor), Chyla, Štefan (Šéfredaktor, zodpovedný redaktor)
Médium: Časopis
Jazyk:slovenčina
PhysicalDescription:22 zv. tab. 29 cm
Vydavateľské údaje: Bratislava Ministerstvo lesného a vodného hospodárstva SSR 1969-1990
Bratislava Spravodajca Ministerstva lesného a vodného hospodárstva a drevospracujúceho priemyslu Slovenskej socialistickej republiky
Bratislava Spravodajca Ministerstva lesného a vodného hospodárstva Slovenskej republiky
Predmet:

MARC

LEADER 00000cas a2200000 a 4500
001 vtls001386993
003 SK-MaSNL
005 20260425194036.0
008 150622d19691990xo x|p 0 0b0slo
035 |a SNK000341178 
040 |a SNK  |b slo  |c SNK  |e AACR2 
041 0 |a slo 
043 |a e-xo--- 
044 |a xo  |c SK 
072 7 |a 630  |x Lesníctvo  |2 konspekt 
072 7 |a 626/627  |x Vodné staviteľstvo. Vodné hospodárstvo  |2 konspekt 
072 7 |a 674  |x Drevo. Drevársky priemysel  |2 konspekt 
080 |a 050  |2 2001 
080 |a (437.6)  |2 2001 
080 |a 630  |2 2001 
080 |a 626/628  |2 2001 
080 |a 674  |2 2001 
245 0 0 |a Spravodajca Ministerstva lesného a vodného hospodárstva Slovenskej socialistickej republiky 
246 3 3 |a Spravodajca Ministerstva lesného a vodného hospodárstva SSR 
246 3 3 |a Spravodajca Ministerstva lesného a vodného hospodárstva Slovenskej republiky  |f 1990 
246 3 3 |a Spravodajca MLVH SSR 
246 1 3 |a Spravodajca Ministerstva lesného a vodného hospodárstva a drevospracujúceho priemyslu Slovenskej socialistickej republiky  |f 4/1988-1989 
260 |a Bratislava  |b Ministerstvo lesného a vodného hospodárstva SSR  |c 1969-1990 
260 2 |3 4/1988-1989  |a Bratislava  |b Spravodajca Ministerstva lesného a vodného hospodárstva a drevospracujúceho priemyslu Slovenskej socialistickej republiky 
260 3 |3 1990  |a Bratislava  |b Spravodajca Ministerstva lesného a vodného hospodárstva Slovenskej republiky 
300 |a 22 zv.  |b tab.  |c 29 cm 
310 |a Nepravidelne  |b 1970-1990 
321 |a 1x mesačne  |b 1969 
362 0 |a [Č. 1] (1969)-č. 4 (dec. 1990) 
500 |a R. 1969-70 rediguje Ondrej Vesteg. Zodp. red. 1971-1975 , Štefan Chyla; od 1976 zodp. red. neuvedený 
650 0 7 |a lesné hospodárstvo  |2 SNKPH  |9 1256 
650 0 7 |a vodné hospodárstvo  |2 SNKPH  |9 759 
650 0 7 |a drevospracujúci priemysel  |2 SNKPH  |9 1118 
651 7 |a Slovensko  |2 SNKPH  |9 14231 
655 7 |a odborné časopisy  |2 SNKPH  |9 70505 
700 1 |a Vesteg, Ondrej  |4 pbd  |9 266610 
700 1 |a Chyla, Štefan  |4 pbd  |9 266611 
910 |a snk 
916 |a 1969-1990 
999 |c 2449  |d 4379 
952 |t č. 1-4  |a SNK  |b SNK  |y PREZ  |7 0  |p 17A0055527  |o snkČSB 2111/1990  |i snkČSP 34/93  |8 0  |z Č. 4 je register  |f 1  |0 0  |1 0  |4 0  |d 1997-03-17  |l 0  |r 2005-01-02 00:00:00  |w 2026-02-21 
952 |t č. 1-6  |a SNK  |b SNK  |y PREZ  |7 0  |p 17A0235262  |o snkČSB 2111/1989  |i snkČSP 4614/91  |8 0  |z Č. 6 je register  |f 1  |0 0  |1 0  |4 0  |d 2000-04-13  |l 0  |r 2005-01-02 00:00:00  |w 2026-02-21 
952 |t č. 1-6  |a SNK  |b SNK  |y PREZ  |7 0  |p 17A0792426  |o snkČSB 2111/1973  |i snkČSP 50/75  |f 1  |0 0  |1 0  |4 0  |d 2015-06-19  |l 0  |r 2026-02-21 19:34:25  |w 2026-02-21 
952 |t č. 1-10  |a SNK  |b SNK  |y PREZ  |7 0  |p 17A0792427  |o snkČSB 2111/1974  |i snkČSP 52/75  |f 1  |0 0  |1 0  |4 0  |d 2015-06-19  |l 0  |r 2026-02-21 19:34:25  |w 2026-02-21 
952 |t č. 1-12  |a SNK  |b SNK  |y PREZ  |7 0  |p 17A0792428  |o snkČSB 2111/1975  |i snkČSP 333/78  |f 1  |0 0  |1 0  |4 0  |d 2015-06-19  |l 0  |r 2026-02-21 19:34:25  |w 2026-02-21 
952 |t č. 1-10  |a SNK  |b SNK  |y PREZ  |7 0  |p 17A0792424  |o snkČSB 2111/1976  |i snkČSP 335/78  |f 1  |0 0  |1 0  |4 0  |d 2015-06-19  |l 0  |r 2026-02-21 19:34:25  |w 2026-02-21 
952 |t č. 1-10  |a SNK  |b SNK  |y PREZ  |7 0  |p 17A0792425  |o snkČSB 2111/1977/1  |i snkČSP 1050/77  |f 1  |0 0  |1 0  |4 0  |d 2015-06-19  |l 0  |r 2026-02-21 19:34:25  |w 2026-02-21 
952 |t č. 11  |a SNK  |b SNK  |y PREZ  |7 0  |p 17A0792422  |o snkČSB 2111/1977/2  |i snkČSP 875/80  |f 1  |0 0  |1 0  |4 0  |d 2015-06-22  |l 0  |r 2026-02-21 21:46:18  |w 2026-02-21 
952 |t č. 1-10  |a SNK  |b SNK  |y PREZ  |7 0  |p 17A0792423  |o snkČSB 2111/1978  |i snkČSP 877/80  |f 1  |0 0  |1 0  |4 0  |d 2015-06-22  |l 0  |r 2026-02-21 21:46:18  |w 2026-02-21 
952 |t č. 1-4  |a SNK  |b SNK  |y PREZ  |7 0  |p 17A0792420  |o snkČSB 2111/1979  |i snkČSP 1613/80  |f 1  |0 0  |1 0  |4 0  |d 2015-06-22  |l 0  |r 2026-02-21 21:46:18  |w 2026-02-21 
952 |t č. 1-4  |a SNK  |b SNK  |y PREZ  |7 0  |p 17A0792421  |o snkČSB 2111/1980  |i snkČSP 1394/81  |f 1  |0 0  |1 0  |4 0  |d 2015-06-22  |l 0  |r 2026-02-21 21:46:18  |w 2026-02-21 
952 |t č. 1-9  |a SNK  |b SNK  |y PREZ  |7 0  |p 17A0857921  |o snkČSB 2111/1981  |i snkČSP 1686/82  |f 1  |0 0  |1 0  |4 0  |d 2015-06-22  |l 0  |r 2026-02-21 21:46:25  |w 2026-02-21 
952 |t č. 1-12  |a SNK  |b SNK  |y PREZ  |7 0  |p 17A0857915  |o snkČSB 2111/1982  |i snkČSP 1298/83  |f 1  |0 0  |1 0  |4 0  |d 2015-06-22  |l 0  |r 2026-02-21 21:46:25  |w 2026-02-21 
952 |t č. 1-9  |a SNK  |b SNK  |y PREZ  |7 0  |p 17A0857909  |o snkČSB 2111/1983  |i snkČSP 1331/84  |z Reg. v č. 9  |f 1  |0 0  |1 0  |4 0  |d 2015-06-22  |l 0  |r 2026-02-21 21:46:25  |w 2026-02-21 
952 |t č. 1-8  |a SNK  |b SNK  |y PREZ  |7 0  |p 17A0857904  |o snkČSB 2111/1984  |i snkČSP 843/85  |z Reg. v č. 8 ;   |f 1  |0 0  |1 0  |4 0  |d 2015-06-22  |l 0  |r 2026-02-21 21:46:25  |w 2026-02-21 
952 |t č. 1-12  |a SNK  |b SNK  |y PREZ  |7 0  |p 17A0857910  |o snkČSB 2111/1985  |i snkČSP 2495/87  |z Č. 12 je register  |f 1  |0 0  |1 0  |4 0  |d 2015-06-22  |l 0  |r 2026-02-21 21:46:25  |w 2026-02-21 
952 |t č. 1-8  |a SNK  |b SNK  |y PREZ  |7 0  |p 17A0857975  |o snkČSB 2111/1986  |i snkČSP 2517/89  |z Č. 8 je reg.  |f 1  |0 0  |1 0  |4 0  |d 2015-06-22  |l 0  |r 2026-02-21 21:46:25  |w 2026-02-21 
952 |t č. 1-12  |a SNK  |b SNK  |y PREZ  |7 0  |p 17A0857981  |o snkČSB 2111/1987  |i snkČSP 4083/88  |z Č. 12 je register  |f 1  |0 0  |1 0  |4 0  |d 2015-06-22  |l 0  |r 2026-02-21 21:46:25  |w 2026-02-21 
952 |t č. 1-11  |a SNK  |b SNK  |y PREZ  |7 0  |p 17A0857911  |o snkČSB 2111/1988  |i snkČSP 4253/89  |z Č. 11 je register  |f 1  |0 0  |1 0  |4 0  |d 2015-06-22  |l 0  |r 2026-02-21 21:46:25  |w 2026-02-21 
952 |t č. 4-9, neúplné  |a SNK  |b SNK  |y PREZ  |7 0  |p 17A0792585  |o snkČSB 2111/1969  |i snkČSP 989/72  |z Chýbajú č. 1-3, 5-8  |f 1  |0 0  |1 0  |4 0  |d 2015-06-19  |l 0  |r 2026-02-21 21:46:34  |w 2026-02-21 
952 |t č. 1-8, neúplné  |a SNK  |b SNK  |y PREZ  |7 0  |p 17A0792431  |o snkČSB 2111/1970  |i snkČSP 990/72  |z Chýba č. 3,4  |f 1  |0 0  |1 0  |4 0  |d 2015-06-19  |l 0  |r 2026-02-21 21:46:34  |w 2026-02-21 
952 |t č. 1-6  |a SNK  |b SNK  |y PREZ  |7 0  |p 17A0792584  |o snkČSB 2111/1971  |i snkČSP 854/73  |f 1  |0 0  |1 0  |4 0  |d 2015-06-19  |l 0  |r 2026-02-21 21:46:34  |w 2026-02-21 
952 |t č. 1-6  |a SNK  |b SNK  |y PREZ  |7 0  |p 17A0792429  |o snkČSB 2111/1972/1  |i snkČSP 857/73  |f 1  |0 0  |1 0  |4 0  |d 2015-06-19  |l 0  |r 2026-02-21 21:46:34  |w 2026-02-21 
952 |t č. 7-10  |a SNK  |b SNK  |y PREZ  |7 0  |p 17A0792430  |o snkČSB 2111/1972/2  |i snkČSP 47/75  |f 1  |0 0  |1 0  |4 0  |d 2015-06-19  |l 0  |r 2026-02-21 21:46:34  |w 2026-02-21